Smart City : hacia la gestión inteligente /

Aquí se presenta un modelo de ciudad inteligente, que gestiona los recursos de una ciudad para mejorar la calidad de vida de los ciudadanos, desde seis ámbitos: economía, gobierno, ciudadanía, entorno, calidad y movilidad, y cómo ha funcionado en diversas ciudades de España, Francia, Suecia, Países...

Volledige beschrijving

Bewaard in:
Bibliografische gegevens
Andere auteurs: Colado García, Sergio (autor) (autor)
Formaat: Boek
Taal:Spaans
Gepubliceerd in: México : Alfaomega, 2014, c2014
Onderwerpen:
Tags: Voeg label toe
Geen labels, Wees de eerste die dit record labelt!

MARC

LEADER 00000nam^a2200000^a^4500
001 000346425
005 20250521000000.0
009 20260310114747.673
020 |a 978-607-622-120-4 
037 |a Acervo ITESO - Biblioteca 
041 |a ESP 
082 |a 711. 4  |b SMA 
245 0 0 |a Smart City :  |b hacia la gestión inteligente /  |c S. Colado García... [et. al.] 
264 4 |a México :  |b Alfaomega,  |c 2014, c2014 
300 |a VIII, 182 p. 
336 |a texto  |b txt  |2 rdacontenido 
337 |a sin mediación  |b n  |2 rdamedio 
338 |a volumen  |b nc  |2 rdasoporte 
520 |a Aquí se presenta un modelo de ciudad inteligente, que gestiona los recursos de una ciudad para mejorar la calidad de vida de los ciudadanos, desde seis ámbitos: economía, gobierno, ciudadanía, entorno, calidad y movilidad, y cómo ha funcionado en diversas ciudades de España, Francia, Suecia, Países Bajos, Dinamarca y Singapur. 
649 |a XX 
650 |a Domótica 
650 |a Zonas Urbanas -  |x Administración -  |x Tema Principal 
650 |a Derecho Urbano 
650 |a Política Urbana 
650 |a Desarrollo Urbano -  |z España 
650 |a Desarrollo Urbano -  |z Francia 
650 |a Desarrollo Urbano -  |z Suecia 
650 |a Desarrollo Urbano -  |z Países Bajos 
650 |a Desarrollo Urbano -  |z Dinamarca 
650 |a Desarrollo Urbano -  |x Singapur 
650 |a Desarrollo Urbano -  |x Tema Principal 
650 |a Desarrollo Sustentable 
650 |a Desarrollo Económico-Social 
650 |a Sociología Urbana 
650 |a Urbanismo 
700 |a Colado García, Sergio  |e (autor) 
910 |a Fondo General 
920 |a Impresos - Libros 
930 |a Colección General 
905 |a 101 
901 |a 0500236943  |b IT1  |c ACC  |i C142085  |u 20250521 
902 |a https://opac.biblio.iteso.mx/vufind/Record/000346425